Online
Catalog

Poemas de la nieve negra / (Record no. 9996)

MARC details
000 -CABECERA
campo de control de longitud fija 00911cam a2200277 a 4500
001 - NÚMERO DE CONTROL
campo de control 000010237
005 - FECHA Y HORA DE LA ÚLTIMA TRANSACCIÓN
campo de control 20200929162217.0
008 - DATOS DE LONGITUD FIJA--INFORMACIÓN GENERAL
campo de control de longitud fija 931012s1986 mnu 000 0 spa d
020 ## - NÚMERO INTERNACIONAL ESTÁNDAR DEL LIBRO
Número Internacional Estándar del Libro 0910235090
035 ## - NÚMERO DE CONTROL DEL SISTEMA
Número de control de sistema (DLC) 84062597
035 ## - NÚMERO DE CONTROL DEL SISTEMA
Número de control de sistema (OCoLC)16570024
040 ## - FUENTE DE LA CATALOGACIÓN
Centro catalogador/agencia de origen DO-SdBNP
Centro/agencia transcriptor NjN
Centro/agencia modificador DLC
-- BNPHU
082 ## - NÚMERO DE LA CLASIFICACIÓN DECIMAL DEWEY
Número de clasificación PR861.44
Número de documento/Ítem R621p
049 ## - FONDOS LOCALES (OCLC)
Fondos de biblioteca BNGR
100 1# - ENTRADA PRINCIPAL--NOMBRE DE PERSONA
Nombre de persona Rivera, Juan Manuel.
9 (RLIN) 25243
245 10 - MENCIÓN DE TÍTULO
Título Poemas de la nieve negra /
Mención de responsabilidad, etc. Juan Manuel Rivera.
260 ## - PUBLICACIÓN, DISTRIBUCIÓN, ETC.
Lugar de publicación, distribución, etc. Minneapolis, Minesota :
Nombre del editor, distribuidor, etc. Prisma Books,
Fecha de publicación, distribución, etc. c1986.
300 ## - DESCRIPCIÓN FÍSICA
Extensión 94 p. ;
Dimensiones 21 cm.
490 1# - MENCIÓN DE SERIE
Mención de serie Poesía guámpara
Designación de volumen o secuencia 2
590 ## - NOTA LOCAL (RLIN)
Nota local Un ejemplar autobiografiado por el autor.
590 ## - NOTA LOCAL (RLIN)
Nota local Perteneció a la biblioteca personal de Juan Isidro Jimenes Grullón.
650 #4 - PUNTO DE ACCESO ADICIONAL DE MATERIA--TÉRMINO DE MATERIA
Término de materia o nombre geográfico como elemento de entrada Poesía puertorriqueña
9 (RLIN) 1015
650 #4 - PUNTO DE ACCESO ADICIONAL DE MATERIA--TÉRMINO DE MATERIA
Término de materia o nombre geográfico como elemento de entrada Literatura puertorriqueña
9 (RLIN) 250
830 #0 - PUNTO DE ACCESO ADICIONAL DE SERIE-TÍTULO UNIFORME
Título uniforme Poesía guámpara ;
Designación de volumen o secuencia 2
9 (RLIN) 25244
910 ## - DATOS DE OPCIÓN DEL USUARIO (OCLC)
Datos de opción del usuario Catalogación por copia / LC
Holdings
Estado de retiro Estado de pérdida Restricciones de uso No para préstamo Código de colección Localización permanente Ubicación/localización actual Ubicación en estantería Fecha de adquisición Número de inventario Total de préstamos Signatura topográfica completa Código de barras Fecha visto por última vez Precio válido a partir de Tipo de ítem Koha
    Préstamo interno   Monografías: Libros y Folletos General General En catalogación 05.10.2009 LF1   PR861.44 R621p 10237-10 25.06.2020 25.06.2020 Préstamo interno

Powered by Koha